|
|
|
|
| LEADER |
00598 a2200181 4500 |
| 008 |
160622b xxu||||| |||| 00| 0 mal d |
| 999 |
|
|
|c 111966
|d 111966
|
| 020 |
|
|
|a 9788126451586
|
| 082 |
|
|
|a 855.698
|
| 100 |
|
|
|a Vinu Abraham
|
| 245 |
|
|
|a Nilavinte nakhangal /
|c Vinu Abraham
|
| 260 |
|
|
|b DC books,
|c 2014.
|a Kottayam:
|
| 300 |
|
|
|a 95p.
|c 21cm.
|
| 546 |
|
|
|a Malayalam
|
| 650 |
|
|
|a Short Stories, Malayalam
|
| 650 |
|
|
|a Vinu Abraham
|
| 942 |
|
|
|2 ddc
|c BK
|
| 952 |
|
|
|0 0
|1 0
|4 0
|6 855_698000000000000_NIL_M
|7 0
|9 117507
|a UL
|b UL
|c ST1
|d 2016-06-22
|e 176
|g 53.60
|l 5
|o 855.698 NIL M
|p 94388
|r 2021-09-01
|s 2021-07-26
|v 80.00
|y BK
|